من فنون الأدب الشعبى فى التراث العربى / (Record no. 14105)
[ view plain ]
| 000 -الفاتح | |
|---|---|
| حقل البيانات ثابتة الطول | 01349nam a22002057a 4500 |
| 008 - عناصر البيانات ثابتة الطول - معلومات عامة | |
| حقل البيانات ثابتة الطول | 100616t2003 xxu||||gr|||| 000 0 ara d |
| 020 ## - الرقم الدولى المعيارى للكتب | |
| الرقم الدولى المعيارى للكتاب | 9773056384 |
| 082 ## - رقم تصنيف ديوى العشرى | |
| رقم الطبعة | 22 |
| رقم التصنيف | 398.2 |
| رقم المادة | ج ا ر |
| 100 ## - المدخل الرئيسى - إسم شخصى | |
| 9 (RLIN) | 8695 |
| الإسم الشخصى | النجار ، محمد رجب |
| 245 ## - بيان العنوان | |
| العنوان | من فنون الأدب الشعبى فى التراث العربى / |
| بيان المسئوليه,etc | محمد رجب النجار . |
| 260 ## - PUBLICATION, DISTRIBUTION, ETC. (IMPRINT) | |
| مكان الناشر او الموزع | القاهرة: |
| اسم الناشر او الموزع | الهيئة العامة لقصور الثقافة، |
| تاريخ النشر أو التوزيع | 2003. |
| 300 ## - الوصف المادى | |
| التعداد | :240ص |
| أبعاد الوعاء | ؛24 سم |
| تفاصيل ماديه اخرى للوعاء | أيض. |
| 490 ## - بيان السلسلة | |
| -- | 14652 |
| عنوان السلسلة | ؛مكتبة الدراسات الشعبية |
| رقم المجلد/ التعيين التسلسلي | 48. |
| 504 ## - تبصرة ببليوجرافية | |
| تبصرة ببليوجرافية,الخ | يحتوى على إرجاعات ببليوجرافية |
| 650 ## - المدخل الاضافى بالموضوع-مصطلح موضوعى | |
| 9 (RLIN) | 17542 |
| مصطلح موضوعي أو اسم جغرافي كعنصر مدخل | الأدب الشعبى |
| التقسيم الفرعي الزمني | تاريخ و نقد |
| 650 ## - المدخل الاضافى بالموضوع-مصطلح موضوعى | |
| 9 (RLIN) | 17542 |
| مصطلح موضوعي أو اسم جغرافي كعنصر مدخل | الأدب الشعبى |
| التقسيم الفرعي الزمني | تاريخ و نقد |
| 942 ## - عناصر المدخل الإضافي( كوها) | |
| مصدر التصنيف او مخطط الترفيف | Dewey Decimal Classification |
| Koha [default] item type | Book - Borrowing |
| حالة التراجع | حالة الفقد | مصدر التصنيف او خطة الترفيف | حالة تلف | ليس للاعارة | مجموعات كوها | المكان الدائم | المكان الحالي | موقع الترفيف | تاريخ الاكتساب | Source of acquisition | رقم الاستدعاء | الباركود | Date last seen | نوع الوعاء | مُعار |
|---|---|---|---|---|---|---|---|---|---|---|---|---|---|---|---|
| Dewey Decimal Classification | Central Library | Central Library | First floor | 16/06/2010 | 398.2 ن ج ا | 000020376 | 15/07/2025 | Book - Borrowing | |||||||
| Dewey Decimal Classification | Central Library | Central Library | First floor | 24/06/2010 | 398.2 ن ج ا | 000021206 | 15/07/2025 | Book - Borrowing | 18/12/2011 |